El problema religioso en Méjico (Record no. 143329)

MARC details
000 -LEADER
campo de control de longitud fija 00596nam a2200181 4500
001 - NÚMERO DE CONTROL
campo de control 143329
003 - IDENTIFICADOR DE NÚMERO DE CONTROL
campo de control ES-MaACL
005 - FECHA Y HORA DE LA ÚLTIMA TRANSACCIÓN
campo de control 20250624062526.0
007 - CAMPO FIJO DE DESCRIPCIÓN FÍSICA--INFORMACIÓN GENERAL
campo de control de longitud fija t|
008 - DATOS DE LONGITUD FIJA--INFORMACIÓN GENERAL
campo de control de longitud fija 070214s1928 sp r ||||1| spa d
100 1# - ENTRADA PRINCIPAL--NOMBRE DE PERSONA
Nombre de persona Sender, Ramón J.,
Fechas asociadas al nombre 1901-1982
9 (RLIN) 105441
245 13 - MENCIÓN DEL TÍTULO
Título El problema religioso en Méjico
Resto del título : católicos y cristianos /
Mención de responsabilidad, etc. Ramón J. Sender ; prólogo de Ramón del Valle-Inclán.
260 ## - PUBLICACIÓN, DISTRIBUCIÓN, ETC.
Lugar de publicación, distribución, etc. Madrid :
Nombre del editor, distribuidor, etc. Argis,
Fecha de publicación, distribución, etc. 1928.
300 ## - DESCRIPCIÓN FÍSICA
Extensión 230 p. ;
Dimensiones 19 cm.
700 1# - ENTRADA AGREGADA--NOMBRE PERSONAL
Nombre de persona Valle-Inclán, Ramón del,
Fechas asociadas al nombre 1866-1936
9 (RLIN) 112796
852 ## - LOCALIZACIÓN
Ubicación ES-MaACL
Número de control de estantería B-54
Holdings
Estatus retirado Estado de pérdida Estado de daño No para préstamo Biblioteca de origen Biblioteca actual Ubicación en estantería Fecha de adquisición Fuente de adquisición Total de préstamos Signatura topográfica completa Código de barras Visto por última vez Precio de reemplazo Tipo de ítem Koha
        Biblioteca del Ateneo de Madrid Biblioteca del Ateneo de Madrid Sala Pardo Bazán 17/01/2008     B-54 1149124 23/02/2023 23/02/2023 Libro impreso